000 00669nam a22002177a 4500
005 20170320144051.0
010 _aENG-117525
020 _a9788171773145
_c1450.00
035 _aEN-101057
037 _bDBAD/PUB
082 _a343.54095
100 _aSaharay, H.K.
245 _aBhaumik the Railways Act 1989 /
_cby H.K. Saharay
250 _a10th
260 _aNew Delhi
_bEastern Law House Private Ltd.
_c2017
270 _a36, Netaji Subhash Marg Daryaganj
_bNew Delhi
_e110002
300 _a759p.:
_b24cm(hb)
500 _a Includes Index
505 _aAllied Statutes Rules, Regulations, Schemes
942 _2ddc
_cEN
_h343.54095
_mSAH
999 _c138342
_d138342